000 00558nam a2200121Ia 4500
008 171212s9999 xx 000 0 und d
020 _a9780833080745
100 _aPerry, Walter L.;Euller, Roald;Atler, Anthony;Nichols, Todd;Martinez, Angel R.
245 _cPerry, Walter L.;Euller, Roald;Atler, Anthony;Nichols, Todd;Martinez, Angel R.
_aAllocating Marine Expeditionary Unit Equipment and Personnel to Minimize Shortfalls
_bSecond Edition
260 _bRAND Corporation
_c2013
650 _aHistory
856 _uhttp://www.jstor.org/stable/10.7249/j.ctt5vjx96
999 _c351702
_d351702